| 000 | 00386 a2200169 4500 | ||
|---|---|---|---|
| 001 | 72633 | ||
| 020 | _a8516000443 | ||
| 040 | _cAnchieta - Colégio São Paulo | ||
| 100 | _aMott, Odette de Barros | ||
| 240 | 1 | 0 |
_aO chamado do meu povo _lpor |
| 245 | 1 | 0 | _aO chamado do meu povo |
| 300 | _a103 | ||
| 362 | 0 | _a1989 | |
| 440 | 1 | _aModerna | |
| 650 | 4 | _aLiteratura juvenil | |
| 942 | _cBK | ||
| 999 |
_c72633 _d72633 |
||